000 01265nam0a22002651 4500
001 rc\349539
005 20250621033443.0
035 _a(NLR Aleph) 005551355
090 _a5813989
_c5813989
100 _a20030307d1990 |||y0rusy50 ca
101 0 _arus
102 _aRU
105 _aa |||||||||
200 1 _aНовый подход к решению проблем экономической оценки месторождений полезных ископаемых
210 _aМ.
_cЦНИИцветмет экономики и информ.
_d1990
215 _a106 с.
_cсхем.
_d20
225 1 _aЦветная металлургия
_iСерия "Экономия сырьевых, материальных и топливно-энергетических ресурсов на предприятиях цветной металлургии"
_eОбзор. информ.
_fЦНИИ экономики и информ. цв. металлургии
_vВып. 3
300 _aНа обл. авт. не указан
300 _aВ надзаг. также: М-во металлургии СССР
700 1 _aФедоров
_bС.С.
801 0 _aRU
_bNLR
_gpsbo
801 1 _aRU
_bELAR
_2rusmarc
852 _aNLR
_jП22/5375
942 _cBOOK
980 _aNB